Gaming Quiz

Random Gaming or Board Games Quiz

Movie Board Games by Rules Quiz Stats

 Plays Quiz Updated Apr 25, 2018

Score 0/20 Timer 10:00
6 Plays Today
% Correct
E.T.: The Extra-Terrestrial
93.5%
Toy Story: Toys Awaaaay!
92.2%
The Wizard of Oz
91.1%
Annie
89.8%
300
87.8%
Wayne's World
87.8%
Gremlins: The Game!
85.4%
The Godfather
84.5%
Top Gun
83.5%
Jurassic Park
83.1%
% Correct
World War Z
82.4%
Raiders of the Lost Ark
81.4%
Waterworld
80.1%
Gosford Park
79%
The Thing: Infection at Outpost 31
76.7%
Planet of the Apes
74.2%
The Mask 3-D Board Game
74.1%
Army of Darkness
72.7%
Dune
69.8%
Starship Troopers: Prepare for Battle!
67.8%

You're not logged in!

Compare scores with friends on all Sporcle quizzes.
OR
Log In

Sporcle TV

Today on Sporcle TV


Watch our educational content, quiz creation guides, and fun videos on Sporcle TV.

Show Comments

Extras

Top Quizzes Today


Score Distribution

Your Account Isn't Verified!

In order to create a playlist on Sporcle, you need to verify the email address you used during registration. Go to your Sporcle Settings to finish the process.

Report this User

Report this user for behavior that violates our Community Guidelines.

Details: